Workplace health, safety and welfare (Record no. 110926)

MARC details
000 -LEADER
fixed length control field 01156cad a22002415a 4500
001 - CONTROL NUMBER
control field L150627
008 - FIXED-LENGTH DATA ELEMENTS--GENERAL INFORMATION
fixed length control field 100805s2010 xxk f 000 0 eng d
020 ## - INTERNATIONAL STANDARD BOOK NUMBER
International Standard Book Number 9780717604135
035 ## - SYSTEM CONTROL NUMBER
System control number (Sirsi) u150627
041 0# - LANGUAGE CODE
Language code of text/sound track or separate title eng
110 2# - MAIN ENTRY--CORPORATE NAME
Corporate name or jurisdiction name as entry element Great Britain
Subordinate unit Health and Safety Executive
245 00 - TITLE STATEMENT
Title Workplace health, safety and welfare
Remainder of title Workplace (Health, Safety and Welfare) Regulations 1992
-- Approved Code of Practice
Medium [electronic resource]
250 ## - EDITION STATEMENT
Edition statement 12th ed.
260 ## - PUBLICATION, DISTRIBUTION, ETC.
Place of publication, distribution, etc. HSE
Date of publication, distribution, etc. 2004
490 #0 - SERIES STATEMENT
Series statement HSE Approved Code of Practice
Volume/sequential designation (L24)
520 ## - SUMMARY, ETC.
Summary, etc. Provides guidance on the Regulations which implement a European directive No. 89/654/EEC. Includes information on maintenance of the workplace, workplace equipment, devices and systems, ventilation, temperature and lighting. (Web friendly version of L24; first published 1992).
650 24 - SUBJECT ADDED ENTRY--TOPICAL TERM
Topical term or geographic name entry element WORKPLACE (HEALTH, SAFETY AND WELFARE) REGULATIONS 1992
650 24 - SUBJECT ADDED ENTRY--TOPICAL TERM
Topical term or geographic name entry element EUROPEAN DIRECTIVE (89/654/EEC)
651 #4 - SUBJECT ADDED ENTRY--GEOGRAPHIC NAME
Geographic name Great Britain
Chronological subdivision 1707-
690 ## - LOCAL SUBJECT ADDED ENTRY--TOPICAL TERM (OCLC, RLIN)
Topical term or geographic name as entry element Health and safety
9 (RLIN) 6244
856 40 - ELECTRONIC LOCATION AND ACCESS
Uniform Resource Identifier <a href="https://www.hse.gov.uk/pubns/priced/l24.pdf">https://www.hse.gov.uk/pubns/priced/l24.pdf</a>
Public note View the guidance free of charge at www.hse.gov.uk
942 ## - ADDED ENTRY ELEMENTS (KOHA)
Suppress in OPAC 0
Holdings
Withdrawn status Lost status Source of classification or shelving scheme Damaged status Not for loan Home library Current library Shelving location Date acquired Total Checkouts Full call number Barcode Date last seen Copy number Price effective from Koha item type
    Dewey Decimal Classification     Virtual Virtual Online 05/08/2010   ONLINE PUBLICATION 150627-2001 06/08/2019 1 06/08/2019 Book